000 00372nam a2200133Ia 4500
005 20260328101449.0
008 260328s9999||||xx |||||||||||||| ||und||
100 _aGutiérrez, M.L.
245 0 _aContra un Diseño dependiente :
_b Un modelo para la autodeterminación Nacional /
_cM.L. Gutiérrez
260 _bEdicol
300 _a308 p.
650 _aTEORÍA
942 _cBK
999 _c8562
_d8562